Một người Mỹ trầm lặng = Un Américain bien tranquille
Đã lưu trong:
| 主要作者: | |
|---|---|
| 格式: | 图书 |
| 语言: | Undetermined |
| 出版: |
Hà Nội
Hội nhà văn
1984
|
| 主题: | |
| 标签: |
添加标签
没有标签, 成为第一个标记此记录!
|
| Thư viện lưu trữ: | Trung tâm Học liệu Trường Đại học Cần Thơ |
|---|
| LEADER | 00546nam a2200181Ia 4500 | ||
|---|---|---|---|
| 001 | CTU_11227 | ||
| 008 | 210402s9999 xx 000 0 und d | ||
| 082 | |a 823.914 | ||
| 082 | |b G794 | ||
| 100 | |a Graham Green | ||
| 245 | 0 | |a Một người Mỹ trầm lặng | |
| 245 | 0 | |b = Un Américain bien tranquille | |
| 245 | 0 | |c Graham Green, Vũ Quốc Uy | |
| 260 | |a Hà Nội | ||
| 260 | |b Hội nhà văn | ||
| 260 | |c 1984 | ||
| 650 | |a english fiction - 20th century | ||
| 980 | |a Trung tâm Học liệu Trường Đại học Cần Thơ | ||